000
00199nam a22000857a 4500
008
170619b xxu||||| |||| 00| 0 eng d
100
_9
3515
_a
Robert. M
245
_a
Time of wonder
260
_a
U. S. A
_c
1957
999
_c
6899
_d
6899